书目信息 |
| 题名: |
幸福是一种心态
|
|
| 作者: | 黎丹正 著 | |
| 分册: | ||
| 出版信息: | 北京 中央编译出版社 2008 |
|
| 页数: | 248页 | |
| 开本: | 24cm | |
| 丛书名: | ||
| 单 册: | ||
| 中图分类: | B82-49 | |
| 科图分类: | ||
| 主题词: | 幸福--xing fu--通俗读物 | |
| 电子资源: | ||
| ISBN: | 978-7-80211-571-2 | |
| 000 | 00757nam0 2200217 450 | |
| 001 | 367815 | |
| 005 | 20141015085452.97 | |
| 010 | @a978-7-80211-571-2@dCNY32.00 | |
| 100 | @a20080118d2008 em y0chiy0110 ea | |
| 101 | 0 | @achi |
| 102 | @aCN@b110000 | |
| 105 | @ay z 000yy | |
| 200 | 1 | @a幸福是一种心态@Axing fu shi yi zhong xin tai@f黎丹正著 |
| 210 | @a北京@c中央编译出版社@d2008 | |
| 215 | @a248页@d24cm | |
| 330 | @a本书分八章,介绍了幸福从心开始,莫让幸福继续迷失,绊倒你的也许就是个金块,让“爱”跟往事干杯,亲近知己的温暖,婚姻的幸福就在平实的关爱中,营造心灵的港湾,心态怎样人生就会怎样等。 | |
| 606 | 0 | @a幸福@Axing fu@j通俗读物 |
| 690 | @aB82-49@v4 | |
| 701 | 0 | @a黎丹正@Ali dan zheng@4著 |
| 801 | 0 | @aCN@c20080827 |
| 905 | @aZUCC@dB82-49@eL105 | |
| 幸福是一种心态/黎丹正著.-北京:中央编译出版社,2008 |
| 248页;24cm |
| ISBN 978-7-80211-571-2:CNY32.00 |
| 本书分八章,介绍了幸福从心开始,莫让幸福继续迷失,绊倒你的也许就是个金块,让“爱”跟往事干杯,亲近知己的温暖,婚姻的幸福就在平实的关爱中,营造心灵的港湾,心态怎样人生就会怎样等。 |
| ● |
| 相关链接 |
|
|
|
正题名:幸福是一种心态
索取号:B82-49/L105
 
预约/预借
| 序号 | 登录号 | 条形码 | 馆藏地/架位号 | 状态 | 备注 |
| 1 | 494584 | 204945845 | 社科库509/ [索取号:B82-49/L105] | 在馆 | |
| 2 | 676050 | 206760502 | 社科库509/509社科库 21排3列3层/ [索取号:B82-49/L105] | 在馆 | |
| 3 | 676051 | 206760511 | 社科库509/509社科库 21排3列3层/ [索取号:B82-49/L105] | 在馆 | |
| 4 | 676052 | 206760520 | 社科库509/ [索取号:B82-49/L105] | 在馆 |